Statistics for Last Names by Country Quiz #2

Click here to take the quiz!

General Stats

  • This quiz has been taken 487 times
  • The average score is 14 of 24

Answer Stats

HintAnswer% Correct
Van DykNetherlands
89%
McDonaghIreland
87%
JohnsonUK
85%
JohanssonSweden
84%
TarantinoItaly
81%
TanakaJapan
81%
SchulzGermany
78%
RibeiroPortugal
75%
ParkKorea
74%
MoreauFrance
73%
NikolaidisGreece
72%
CohenIsrael
63%
SakicCroatia or Serbia
61%
TranVietnam
60%
HansdottirIceland
57%
JugashviliGeorgia
46%
NiskanenFinland
44%
MehmedovicBosnia and Herzegovina
42%
DemirTurkey
34%
TkachukUkraine
29%
SvobodaCzech Republic
28%
KissHungary
19%
ZarinsLatvia
16%
DushkuAlbania
15%

Score Distribution

Percentile by Number Answered

Percent of People with Each Score

Your Score History

You have not taken this quiz